Detalles MARC
| 000 -LEADER |
| campo de control de longitud fija |
02580am aa2200397i 44500 |
| 003 - IDENTIFICADOR DE NÚMERO DE CONTROL |
| campo de control |
PE-LiUPU |
| 005 - FECHA Y HORA DE LA ÚLTIMA TRANSACCIÓN |
| campo de control |
20251024090629.0 |
| 008 - DATOS DE LONGITUD FIJA--INFORMACIÓN GENERAL |
| campo de control de longitud fija |
2211s2022 pe#a rb 001 0 spa d |
| 020 ## - NÚMERO INTERNACIONAL ESTÁNDAR DEL LIBRO |
| Número Internacional Estándar del Libro |
9786124755590 |
| 035 ## - NÚMERO DE CONTROL DEL SISTEMA |
| Número de control de sistema |
PE-LiUPU000033 |
| 040 ## - FUENTE DE CATALOGACIÓN |
| Centro catalogador/agencia de origen |
PE-LiUPU |
| Lengua de catalogación |
spa |
| Centro/agencia transcriptor |
PE-LiUPU |
| Normas de descripción |
rda |
| 082 04 - NÚMERO DE LA CLASIFICACIÓN DECIMAL DEWEY |
| Número de clasificación |
720.92 |
| Cutter |
P324 |
| Número de edición |
23 |
| 245 10 - MENCIÓN DEL TÍTULO |
| Título |
Paul Linder, 1897–1968 : |
| Resto del título |
de Weimar a Lima : antología de arquitectura y crítica / |
| Mención de responsabilidad, etc. |
editado por Joaquín Medina Warmburg. |
| 250 ## - MENCION DE EDICION |
| Mención de edición |
Segunda edición. |
| 264 #1 - PRODUCCIÓN, PUBLICACIÓN, DISTRIBUCIÓN, FABRICACIÓN Y COPYRIGHT |
| Producción, publicación, distribución, fabricación y copyright |
Lima : |
| Nombre del de productor, editor, distribuidor, fabricante |
Pontificia Universidad Católica del Perú, Facultad de Arquitectura y Urbanismo ; |
| -- |
Fondo Editorial PUCP, |
| Fecha de producción, publicación, distribución, fabricación o copyright |
2022. |
| 300 ## - DESCRIPCIÓN FÍSICA |
| Extensión |
427 páginas : |
| Otras características físicas |
ilustraciones, planos, retratos ; |
| Dimensiones |
27 cm. |
| 336 ## - TIPO DE CONTENIDO |
| Término de tipo de contenido |
texto |
| Código de tipo de contenido |
txt |
| Fuente |
rdacontent |
| 337 ## - TIPO DE MEDIO |
| Nombre/término del tipo de medio |
sin mediación |
| Código del tipo de medio |
n |
| Fuente |
rdamedia |
| 338 ## - TIPO DE SOPORTE |
| Nombre/término del tipo de soporte |
volumen |
| Código del tipo de soporte |
nc |
| Fuente |
rdacarrier |
| 500 ## - NOTA GENERAL |
| Nota general |
Primera edición publicada en 2019; segunda edición revisada en noviembre de 2022. |
| 500 ## - NOTA GENERAL |
| Nota general |
Incluye biografía, bibliografía seleccionada y semblanzas de Paul Linder. |
| 504 ## - NOTA DE BIBLIOGRAFÍA, ETC. |
| Nota de bibliografía, etc. |
Incluye referencias bibliográficas. |
| 505 0# - NOTA DE CONTENIDO CON FORMATO |
| Nota de contenido con formato |
Presentación -- Prólogo -- Introducción: Paul Linder y las esencias viajeras de la modernidad -- I. Ensayos -- II. Arquitectura -- III. Crítica -- IV. Documentos y semblanzas -- Anexos: biografía, bibliografía seleccionada y autores. |
| 520 ## - RESUMEN, ETC. |
| Sumario, etc. |
Obra conmemorativa dedicada al arquitecto alemán Paul Linder (1897–1968), quien desarrolló una destacada labor en el Perú desde 1938. Reúne ensayos, proyectos, textos críticos y documentos que ilustran su trayectoria desde la Bauhaus de Weimar hasta su contribución en la arquitectura moderna peruana. Incluye estudios sobre su obra arquitectónica, sus vínculos con el movimiento moderno y su influencia en la docencia y crítica arquitectónica en el país. |
| 546 ## - NOTA DE IDIOMA |
| Nota de lengua/lenguaje |
Texto en español. |
| 600 #0 - PUNTO DE ACCESO ADICIONAL DE MATERIA--NOMBRE DE PERSONA |
| Nombre de persona |
Linder, Paul, |
| Fechas asociadas al nombre |
1897-1968 |
| Subdivisión general |
Crítica e interpretación. |
| 9 (RLIN) |
7297 |
| 650 24 - PUNTO DE ACCESO ADICIONAL DE MATERIA--TÉRMINO DE MATERIA |
| Término de materia o nombre geográfico como elemento de entrada |
Arquitectos alemanes |
| Subdivisión general |
Perú |
| 9 (RLIN) |
7298 |
| Subdivisión de forma |
Biografías. |
| 650 24 - PUNTO DE ACCESO ADICIONAL DE MATERIA--TÉRMINO DE MATERIA |
| Término de materia o nombre geográfico como elemento de entrada |
Arquitectura moderna, |
| Subdivisión general |
Historia |
| 9 (RLIN) |
7299 |
| Subdivisión cronológica |
Siglo XX. |
| 700 ## - ENTRADA AGREGADA--NOMBRE PERSONAL |
| Nombre de persona |
Medina Warmburg, Joaquín, |
| Término indicativo de función/relación |
editor. |
| 9 (RLIN) |
3372 |
| 710 ## - ENTRADA AGREGADA--NOMBRE DE ENTIDAD CORPORATIVA |
| Nombre de entidad corporativa o nombre de jurisdicción como elemento de entrada |
Pontificia Universidad Católica del Perú. |
| Unidad subordinada |
Facultad de Arquitectura y Urbanismo. |
| 9 (RLIN) |
534 |
| 710 ## - ENTRADA AGREGADA--NOMBRE DE ENTIDAD CORPORATIVA |
| Nombre de entidad corporativa o nombre de jurisdicción como elemento de entrada |
Fondo Editorial de la Pontificia Universidad Católica del Perú, |
| Término indicativo de función/relación |
editor. |
| 9 (RLIN) |
7281 |
| 856 40 - LOCALIZACIÓN Y ACCESO ELECTRÓNICOS |
| Identificador Uniforme de Recursos |
<a href="https://arquitectura.pucp.edu.pe/publicaciones">https://arquitectura.pucp.edu.pe/publicaciones</a> |
| Nota pública |
Sitio web de Arquitectura PUCP. |
| 942 ## - ELEMENTOS DE ENTRADA SECUNDARIOS (KOHA) |
| Fuente del sistema de clasificación o colocación |
Clasificación Decimal Dewey |
| Tipo de ítem Koha |
Libros físicos |
| 980 ## - EQUIVALENCIA O REFERENCIA-CRUZADA-MENCIÓN DE SERIE--NOMBRE DE PERSONA/TÍTULO [LOCAL, CANADÁ] |
| ID del último usuario que modificó el registro |
18226 |
| Nombre del último usuario que modificó el registro |
Jaime Vilcazán Jefe de Análisis Documental |